000 00496nam a2200181 i 4500
001 94452
003 ES-MaACL
005 20250627063641.0
007 t|
008 050429s1964 sp ||||1| spa d
100 1 _aLorén, Santiago,
_d1918-2010
_974093
245 1 0 _aSiete alcobas
_b: novela /
_cSantiago Lorén.
250 _a[1ª ed].
260 _aBarcelona :
_bPlaneta,
_c1964.
300 _a337 p. ;
_c19 cm.
852 _aES-MaACL
_jC-25635
_bR.54339
999 _c94452
_d94452